000 00335nam a22001457a 4500
003 SGT
020 _a9789332549883
082 _a621.39,JAN
100 _aJANG JYH-SHING ROGER
245 _aNEURO FUZZY AND SOFT COMPUTING
260 _aCHENNAI
_bPEARSON
_c2015
300 _a614
650 _aCOMPUTER ENGINEERING
942 _2ddc
_cBK
999 _c18320
_d18320